000 00767nam a2200229Ia 4500
003 0
005 20250122140734.0
008 150126s9999 xx 000 0 und d
050 _aPHS LB 1028.5
_b.F963 2014
100 _aFulgencio, Carrie Q.
245 _aE-learning resources and student engagement /
_cCarrie Q. Fulgencio.
260 _aLas PiƱas City, Philippines :
_bSouthville International School and Colleges,
_c2014.
300 _a28 pages :
_billustration ;
_c28 cm.
504 _aIncludes bibliographical references.
650 _aStudent Engagement.
650 _aE-learning.
650 _aEducational technology.
650 _aWeb-based instruction.
650 _aMotivation in education.
650 _aLearning resources.
942 _2lcc
_cPASS
999 _c278717
_d278717